Developments in reinforced plastics /
Guardado en:
| Otros Autores: | |
|---|---|
| Formato: | Libro |
| Idioma: | English |
| Publicado: |
London :
Applied Science Publishers,
c1980-86.
|
| Series: | Developments series
|
| Materias: | |
| Etiquetas: |
Agregar Etiqueta
Sin Etiquetas, Sea el primero en etiquetar este registro!
|
| LEADER | 00728nam a22001935a 4500 | ||
|---|---|---|---|
| 001 | EIQ.libpla002447 | ||
| 008 | 070613m19801986enkao####b####001#0#eng#d | ||
| 005 | 20070613195329.0 | ||
| 245 | 1 | 0 | |a Developments in reinforced plastics / |c edited by G. Pritchard. |
| 260 | |a London : |b Applied Science Publishers, |c c1980-86. | ||
| 300 | |a 5 v. : |b il., fotos ; |c 23 cm. | ||
| 490 | 0 | |a Developments series | |
| 504 | |a Incluye referencias bibliográficas e´índice. | ||
| 020 | |a 0853343055 (v.4) | ||
| 700 | 1 | |a Pritchard, G. |q (Geoffrey), |e ed. |4 edt | |
| 650 | 4 | |a Polímeros |x Plásticos reforzados. | |
| 650 | 4 | |a Polymers |x Reinforced plastics. | |
| 040 | |a AR-BbSID |b spa |c AR-BbSID | ||
| 859 | |a AR-BbSID |b BIB. PLAPIQUI |h 668.494 |i D 492 |p 3256 |v Vol. 4 |3 Vol. 4 | ||
